[Event "Padova op-A 10th"]
[Site "Padova"]
[Date "2007.12.22"]
[Round "8.10"]
[White "Palumbo, Giuseppe"]
[Black "Rossi, Carlo"]
[Result "0-1"]
[WhiteElo "1613"]
[BlackElo "2342"]
[PlyCount "46"]
[EventDate "2007.12.15"]
[EventType "swiss"]
[EventRounds "9"]
[EventCountry "ITA"]
[SourceTitle "EXT 2024"]
[Source "ChessBase"]
[SourceDate "2023.10.10"]
[SourceVersion "1"]
[SourceVersionDate "2023.10.10"]
[SourceQuality "1"]

1. e4 b6 2. d4 Bb7 3. Nc3 e6 4. Bd3 c5 5. Nf3 cxd4 6. Nxd4 a6 7. a4 Qc7 8. 0-0 Nf6 9. Bd2 h5 10. Kh1 Ng4 11. f4 g5 12. e5 Bc5 13. Nce2 Nc6 14. c3 gxf4 15. Bxf4 Ncxe5 16. Bc2 Bd5 17. b4 Rg8 18. Nf3 Qb7 19. Ned4 Bxd4 20. Nxd4 Nf3 21. gxf3 Rc8 22. Rc1 Rxc3 23. Be4 Rxc1 0-1

[Event "Padova op 9th"]
[Site "Padova"]
[Date "2006.12.17"]
[Round "2"]
[White "Palumbo, Giuseppe"]
[Black "Battagin, Mose"]
[Result "0-1"]
[WhiteElo "1592"]
[BlackElo "1847"]
[PlyCount "36"]
[EventDate "2006.12.16"]
[EventType "swiss"]
[EventRounds "9"]
[EventCountry "ITA"]
[SourceTitle "EXT 2011"]
[Source "ChessBase"]
[SourceDate "2010.11.26"]
[SourceVersion "1"]
[SourceVersionDate "2010.11.26"]
[SourceQuality "1"]

1. e4 d6 2. d4 Nf6 3. Bd3 g6 4. Ne2 Bg7 5. f3 c5 6. d5 Na6 7. a3 Nc7 8. c4 0-0 9. Nbc3 e6 10. Be3 exd5 11. exd5 Re8 12. Qd2 b5 13. Bh6 bxc4 14. Bxg7 cxd3 15. Bxf6 Qxf6 16. Qxd3 Ba6 17. Qd2 Rxe2+ 18. Nxe2 Re8 0-1

[Event "Padova op 9th"]
[Site "Padova"]
[Date "2006.12.16"]
[Round "1"]
[White "Luciani, Valerio"]
[Black "Palumbo, Giuseppe"]
[Result "1-0"]
[WhiteElo "2229"]
[BlackElo "1592"]
[PlyCount "51"]
[EventDate "2006.12.16"]
[EventType "swiss"]
[EventRounds "9"]
[EventCountry "ITA"]
[SourceTitle "EXT 2011"]
[Source "ChessBase"]
[SourceDate "2010.11.26"]
[SourceVersion "1"]
[SourceVersionDate "2010.11.26"]
[SourceQuality "1"]

1. d4 Nf6 2. c4 c5 3. d5 e6 4. Nc3 exd5 5. cxd5 d6 6. e4 g6 7. Bd3 Bg7 8. Nge2 0-0 9. 0-0 Na6 10. f3 Nc7 11. Rb1 a6 12. Be3 b5 13. b4 c4 14. Bc2 Bb7 15. Nd4 Re8 16. Qd2 Qe7 17. Rbe1 Qf8 18. g4 Nd7 19. f4 h6 20. h4 Qe7 21. g5 Nf8 22. f5 hxg5 23. hxg5 f6 24. fxg6 fxg5 25. Rf7 Qe5 26. Nf5 1-0

[Event "Campodarsego op-B 17th"]
[Site "Campodarsego"]
[Date "2006.01.20"]
[Round "1"]
[White "Mogno, Stefano"]
[Black "Palumbo, Giuseppe"]
[Result "0-1"]
[WhiteElo "1431"]
[BlackElo "1631"]
[PlyCount "70"]
[EventDate "2006.01.20"]
[EventType "swiss"]
[EventRounds "5"]
[EventCountry "ITA"]
[SourceTitle "EXT 2011"]
[Source "ChessBase"]
[SourceDate "2010.11.26"]
[SourceVersion "1"]
[SourceVersionDate "2010.11.26"]
[SourceQuality "1"]

1. e4 c5 2. Nf3 d6 3. d3 Nc6 4. Nc3 Nf6 5. g3 Bg4 6. Bg2 e6 7. Qd2 Be7 8. 0-0 a6 9. b3 Qd7 10. Bb2 b5 11. a3 Nd4 12. Nxd4 cxd4 13. Ne2 e5 14. c3 Bxe2 15. Qxe2 dxc3 16. Bxc3 Rc8 17. Rac1 0-0 18. Bd2 Rxc1 19. Rxc1 Rc8 20. Rxc8+ Qxc8 21. b4 Qc2 22. h3 Ne8 23. Bf1 Qb2 24. Qe3 Qxa3 25. h4 Qb2 26. Bh3 Qd4 27. Qxd4 exd4 28. f3 Nc7 29. Bg5 Kf8 30. Bxe7+ Kxe7 31. f4 Kd8 32. Bg4 Ne6 33. Kf2 Kc7 34. f5 Nd8 35. Ke2 Nc6 0-1

[Event "Padova op 8th"]
[Site "Padova"]
[Date "2005.12.16"]
[Round "7"]
[White "Pichierri, Gianmatteo"]
[Black "Palumbo, Giuseppe"]
[Result "1-0"]
[WhiteElo "1539"]
[BlackElo "1631"]
[PlyCount "36"]
[EventDate "2005.12.10"]
[EventType "swiss"]
[EventRounds "9"]
[EventCountry "ITA"]
[SourceTitle "EXT 2008"]
[Source "ChessBase"]
[SourceDate "2007.11.25"]
[SourceVersion "1"]
[SourceVersionDate "2007.11.25"]
[SourceQuality "1"]

1. e4 c5 2. f4 Nc6 3. Nf3 d6 4. d4 cxd4 5. Nxd4 Nf6 6. Nc3 a6 7. Be2 e6 8. 0-0 Be7 9. e5 dxe5 10. Nxc6 Qb6+ 11. Kh1 Qxc6 12. fxe5 Nd7 13. Bf3 Qc7 14. Bf4 Nxe5 15. Qe2 Bd6 16. Ne4 Nc4 17. Nxd6+ Nxd6 18. Rad1 Ke7 1-0

[Event "Padova op-B 7th"]
[Site "Padova"]
[Date "2004.12.12"]
[Round "2"]
[White "Castellano, Alfonso"]
[Black "Palumbo, Giuseppe"]
[Result "1-0"]
[WhiteElo "1881"]
[BlackElo "1652"]
[PlyCount "65"]
[EventDate "2004.12.11"]
[EventType "swiss"]
[EventRounds "6"]
[EventCountry "ITA"]
[SourceTitle "EXT 2023"]
[Source "ChessBase"]
[SourceDate "2022.10.05"]
[SourceVersion "1"]
[SourceVersionDate "2022.10.05"]
[SourceQuality "1"]

1. c4 Nf6 2. Nc3 g6 3. g3 Bg7 4. Bg2 0-0 5. e4 e6 6. Nge2 d6 7. 0-0 c5 8. d4 cxd4 9. Nxd4 a6 10. Nc2 Qc7 11. Ne3 Nbd7 12. Qd2 Ne5 13. b3 Bh6 14. h3 Rd8 15. f4 Nc6 16. Bb2 Nh5 17. Kh2 Bg7 18. Rad1 f5 19. exf5 gxf5 20. Ne2 Nf6 21. g4 fxg4 22. hxg4 Qf7 23. Ng3 Qg6 24. Qe2 Rb8 25. Bf3 Ne7 26. g5 e5 27. gxf6 exf4 28. Nh5 Qg5 29. Qg2 Qh4+ 30. Kg1 Ng6 31. Be4 Kf8 32. fxg7+ Ke7 33. Bf6+ 1-0

[Event "Veneto-ch Quarti di Finale 64th"]
[Site "Arqua Petrarca"]
[Date "2004.05.09"]
[Round "3.22"]
[White "Canazza, Alessandro"]
[Black "Palumbo, Giuseppe"]
[Result "1-0"]
[WhiteElo "1772"]
[BlackElo "1610"]
[PlyCount "125"]
[EventDate "2004.05.08"]
[EventType "swiss"]
[EventRounds "6"]
[EventCountry "ITA"]
[SourceTitle "EXT 2023"]
[Source "ChessBase"]
[SourceDate "2022.10.05"]
[SourceVersion "1"]
[SourceVersionDate "2022.10.05"]
[SourceQuality "1"]

1. c4 Nf6 2. Nc3 c5 3. Nf3 Nc6 4. d4 cxd4 5. Nxd4 a6 6. Nxc6 bxc6 7. g3 e6 8. Bg2 Be7 9. 0-0 d5 10. Qa4 Bd7 11. Rd1 0-0 12. cxd5 cxd5 13. Qd4 Qc7 14. Bf4 Qb7 15. e4 dxe4 16. Nxe4 Bc6 17. Nxf6+ Bxf6 18. Bxc6 Qxc6 19. Be5 Rfd8 20. Qe3 Bxe5 21. Qxe5 Rd5 22. Rxd5 exd5 23. Rd1 Rd8 24. Qd4 Kf8 25. Rd3 f6 26. Rc3 Qd6 27. Kf1 Kf7 28. Qc5 Qxc5 29. Rxc5 Ke6 30. Rc6+ Rd6 31. Rxd6+ Kxd6 32. Ke2 Kc5 33. Kd3 a5 34. f4 h5 35. Kc3 d4+ 36. Kd3 a4 37. b3 a3 38. f5 Kd5 39. b4 Ke5 40. b5 Kd5 41. b6 Kc6 42. b7 Kxb7 43. Kxd4 Kc6 44. Kc4 Kd6 45. Kb4 Ke5 46. Kxa3 Kxf5 47. Kb4 Kg4 48. a4 h4 49. a5 hxg3 50. hxg3 Kxg3 51. a6 f5 52. a7 f4 53. a8Q g5 54. Qb8 g4 55. Kc3 Kf3 56. Qb7+ Kf2 57. Qe4 Kg3 58. Qe1+ Kf3 59. Qf1+ Kg3 60. Kd3 f3 61. Ke3 Kh2 62. Qf2+ Kh1 63. Qh4+ 1-0